000 00263nam a2200109Ia 4500
005 20251222175819.0
008 251222s9999||||xx |||||||||||||| ||spa||
082 _aDVD0060 A43/1985
245 0 _aLa rosa purpura del Cairo
264 _bOrion Pictures
942 _cDVD
999 _c40435
_d40435